Melanie Martinez's songs - Statistics

General Stats
  • This quiz has been taken 497 times
  • The average score is 13 of 15
Answer Stats
Hint Answer % Correct
We'll be a perfect family. Dollhouse
99%
You seem to replace, your brain with your heart. Cry Baby
96%
No one will love you if you're unnatractive. Mrs Potato Head
96%
Think I just remembered something. I think I let the faucet running. Soap
95%
Running through the parking lot, he chased me and he wouldn't stop. Tag you're it
95%
Getting drunk with the blue caterpillar. Mad Hatter
94%
She's getting on my nerves. Pacify her
94%
Your skin is warm like an oven, your kiss is sugary sweet. Cake
92%
This horse is too slow. Carousel
91%
You never share your toys or communicate. Play Date
87%
You were comforting and quiet. How did love become so violent? Teddy Bear
82%
Sing you a lullaby, where you die at the end. Milk and Cookies
79%
Asking you where, you want us to go. Training wheels
73%
I'll shed a tear with your family. Dead To Me
70%
I have one best friend. Piggyback
36%
No matching quizzes found
Score Distribution
Percent of People with Each Score
Percentile by Number Answered
Your Score History
You have not taken this quiz